| 000 | 00853nam a2200229 i 4500 | ||
|---|---|---|---|
| 001 | 106564 | ||
| 003 | ES-MaACL | ||
| 005 | 20250829045823.0 | ||
| 007 | t| | ||
| 008 | 190701s1968 sp ||||1| spa d | ||
| 100 | 1 |
_aBernal, Ignacio ( _d1910-1992) _928179 |
|
| 245 | 1 | 0 |
_aTesoros del Museo Nacional de Antropología de México / _cIgnacio Bernal, Román Piña-Chan, Fernando Cámara-Barbachano. |
| 260 |
_aMadrid : _bDaimon, _c1968. |
||
| 300 |
_a246 p., 49 lám. ; _c21 cm. |
||
| 490 | 1 |
_aColección "Tesoros de los Grandes Museos" ; _v13 |
|
| 610 | 2 | 4 |
_aMuseo Nacional de Antropología (México) _9156875 |
| 700 | 0 |
_aPiña Chan, Román. _992248 |
|
| 700 | 1 |
_aCámara-Barbachano, Fernando. _9167440 |
|
| 830 | 0 | 0 |
_aColección "Tesoros de los grandes museos" _v13 _9178969 |
| 852 |
_aES-MaACL _jP-583-Bis-12 |
||
| 999 |
_c106564 _d106564 |
||